000 00824nam a2200217Ia 4500
999 _c37862
_d37862
001 3840
003 GE_BSU
005 20190819165747.0
008 181216s1951||||ge |||||||||||||| ||geo||
040 _cGE_BSU
041 _ageo
080 _a1(061) ფ–97
245 _aფილოსოფიის ინსტიტუტის შრომები :
_bტ. III /
_cრედ. ს. წერეთელი.
245 _bТруды института философии III.
264 _aთბილისი :
_bსაქ. სსრ. მეცნ. აკად. გამ–ბა,
_c1951.
300 _a260 გვ. ;
_b25 სმ.
653 _aფილოსოფია
653 _aშრომები
700 _aწერეთელი, ს.
_eრედაქტორი
_93682
942 _cBK
_2udc